[Event "WJCC U20 Girls 2019"]
[Site "New Delhi"]
[Date "2019.10.15"]
[Round "1.32"]
[White "Bhagyashree Patil"]
[Black "Ulziikhishigjargal, Ochirkhuyag"]
[Result "1-0"]
[WhiteElo "1802"]
[BlackElo "2194"]
[Annotator "NA"]
[PlyCount "98"]
[EventDate "2019.10.15"]
[EventType "swiss"]
[EventCountry "IND"]
[SourceTitle "playchess.com"]
[Source "ChessBase"]
[SourceQuality "1"]
[TimeControl "40/5400+30:1800+30"]

1. e4 {[%emt 0:00:00]} e5 {[%emt 0:00:00]} 2. Nf3 {[%emt 0:00:08]} Nc6 {[%emt 0:00:00]} 3. Bc4 {[%emt 0:00:13]} Bc5 {[%emt 0:00:04]} 4. c3 {[%emt 0:00:13]} Nf6 {[%emt 0:00:32]} 5. d3 {[%emt 0:00:09]} d6 {[%emt 0:00:12]} 6. O-O {[%emt 0:01:52]} a6 {[%emt 0:01:03]} 7. Bb3 {[%emt 0:00:49]} Ba7 {[%emt 0:01:17]} 8. Nbd2 {[%emt 0:05:04]} O-O {[%emt 0:00:35]} 9. h3 {[%emt 0:06:21]} h6 {[%emt 0:02:23]} 10. Re1 {[%emt 0:03:04]} Be6 {[%emt 0:08:26]} 11. Nf1 {[%emt 0:02:06]} Nh5 {[%emt 0:25:55]} 12. Be3 {[%emt 0:12:32]} Nf4 {[%emt 0:03:47]} 13. d4 {[%emt 0:05:33]} Bxb3 {[%emt 0:06:21]} 14. axb3 {[%emt 0:05:18]} Ng6 {[%emt 0:10:47]} 15. Ng3 {[%emt 0:02:53]} Re8 {[%emt 0:02:12]} 16. b4 {[%emt 0:03:41]} Nh4 {[%emt 0:10:52]} 17. d5 {[%emt 0:07:57]} Nxf3+ {[%emt 0:01:25]} 18. Qxf3 {[%emt 0:00:37]} Ne7 {[%emt 0:00:04]} 19. Nh5 {[%emt 0:07:53]} Bxe3 {[%emt 0:02:54]} 20. Rxe3 {[%emt 0:01:57]} Ng6 {[%emt 0:00:01]} 21. c4 {[%emt 0:03:44]} Qg5 {[%emt 0:02:33]} 22. Qg4 {[%emt 0:08:08]} Qxg4 {[%emt 0:02:55]} 23. hxg4 {[%emt 0:00:03]} Nf8 {[%emt 0:01:12]} 24. Rea3 {[%emt 0:02:18]} Rab8 {[%emt 0:02:59]} 25. Ng3 {[%emt 0:02:18]} g6 {[%emt 0:00:19]} 26. Nf1 {[%emt 0:00:52]} Nd7 {[%emt 0:01:12]} 27. Ne3 {[%emt 0:00:31]} Kf8 {[%emt 0:00:41]} 28. Kf1 {[%emt 0:00:26]} Ke7 {[%emt 0:00:05]} 29. Ke2 Rh8 {[%emt 0:00:14]} 30. Rh1 {[%emt 0:00:50]} Nf6 {[%emt 0:01:41]} 31. f3 {[%emt 0:02:16]} h5 {[%emt 0:00:17]} 32. gxh5 {[%emt 0:02:52]} Nxh5 {[%emt 0:00:05]} 33. Kf2 {[%emt 0:00:42]} Nf6 {[%emt 0:03:37]} 34. Rc1 {[%emt 0:02:49]} Nd7 {[%emt 0:04:47]} 35. c5 {[%emt 0:01:06]} Rhc8 {[%emt 0:00:40]} 36. Nc4 {[%emt 0:02:10]} dxc5 {[%emt 0:02:37]} 37. bxc5 {[%emt 0:00:07]} Nxc5 {[%emt 0:00:10]} 38. Nxe5 {[%emt 0:00:12]} Nd7 {[%emt 0:00:02]} 39. Nxd7 {[%emt 0:04:42]} Kxd7 {[%emt 0:00:01]} 40. Ke3 {[%emt 0:00:32]} Rh8 {[%emt 0:01:24]} 41. Rac3 {[%emt 0:30:41]} Rbc8 {[%emt 0:30:06]} 42. Rb3 {[%emt 0:00:14]} b6 {[%emt 0:00:30]} 43. Rbc3 {[%emt 0:02:48]} Rh2 {[%emt 0:03:14]} 44. Kf2 {[%emt 0:00:11]} Rhh8 {[%emt 0:00:16]} 45. Rc6 {[%emt 0:00:14]} a5 {[%emt 0:00:22]} 46. Ke3 {[%emt 0:03:02]} Rhg8 {[%emt 0:00:00]} 47. f4 {[%emt 0:00:00]} Rge8 {[%emt 0:00:00]} 48. R1c2 {[%emt 0:00:00]} Rh8 49. e5 {[%emt 0:00:00]} Rhe8 {[%emt 0:00:00]} 1-0

[Event "WJCC U20 Girls 2019"]
[Site "New Delhi"]
[Date "2019.10.15"]
[Round "1.33"]
[White "Aakanksha Hagawane"]
[Black "Noshin, Anjum"]
[Result "1-0"]
[WhiteElo "2181"]
[BlackElo "1793"]
[Annotator "NA"]
[PlyCount "51"]
[EventDate "2019.10.15"]
[EventType "swiss"]
[EventCountry "IND"]
[SourceTitle "playchess.com"]
[Source "ChessBase"]
[SourceQuality "1"]
[TimeControl "40/5400+30:1800+30"]

1. e4 {[%emt 0:00:00]} e5 {[%emt 0:00:00]} 2. Bc4 {[%emt 0:00:00]} Nc6 {[%emt 0:01:21]} 3. Nc3 {[%emt 0:00:30]} Nf6 {[%emt 0:01:59]} 4. d3 {[%emt 0:00:33]} Bc5 {[%emt 0:02:30]} 5. f4 {[%emt 0:01:14]} exf4 {[%emt 0:06:47]} 6. Bxf4 {[%emt 0:00:39]} d6 {[%emt 0:01:10]} 7. Nf3 {[%emt 0:02:25]} Bg4 {[%emt 0:06:13]} 8. Qd2 {[%emt 0:01:50]} Nd4 {[%emt 0:09:52]} 9. Nxd4 {[%emt 0:07:46]} Bxd4 {[%emt 0:02:57]} 10. h3 {[%emt 0:01:27]} Bd7 {[%emt 0:07:23]} 11. O-O-O {[%emt 0:04:39]} Bc6 {[%emt 0:14:20]} 12. Rhf1 {[%emt 0:03:24]} Qe7 {[%emt 0:03:10]} 13. g4 {[%emt 0:07:36]} h6 {[%emt 0:02:58]} 14. Ne2 {[%emt 0:07:25]} Bb6 {[%emt 0:07:54]} 15. Ng3 {[%emt 0:03:18]} O-O-O {[%emt 0:04:25]} 16. Nf5 {[%emt 0:03:07]} Qd7 {[%emt 0:00:50]} 17. Nxg7 {[%emt 0:04:55]} d5 {[%emt 0:01:35]} 18. exd5 {[%emt 0:04:40]} Nxd5 {[%emt 0:01:30]} 19. Kb1 {[%emt 0:01:44]} Rh7 {[%emt 0:13:09]} 20. Nh5 {[%emt 0:08:46]} Qe7 {[%emt 0:05:48]} 21. Bxh6 {[%emt 0:05:58]} Rd6 {[%emt 0:03:25]} 22. Bg5 {[%emt 0:01:52]} f6 {[%emt 0:00:43]} 23. Bxd5 {[%emt 0:01:16]} fxg5 {[%emt 0:00:30]} 24. Bxc6 {[%emt 0:02:53]} Rxc6 {[%emt 0:00:27]} 25. Rde1 {[%emt 0:00:25]} Qc5 {[%emt 0:00:55]} 26. Rf5 {[%emt 0:00:39]} 1-0

[Event "WJCC U20 Girls 2019"]
[Site "New Delhi"]
[Date "2019.10.15"]
[Round "1.34"]
[White "Jayaweera, Sayuni Gihansa"]
[Black "Pychova, Nela"]
[Result "0-1"]
[WhiteElo "1788"]
[BlackElo "2178"]
[Annotator "NA"]
[PlyCount "108"]
[EventDate "2019.10.15"]
[EventType "swiss"]
[EventCountry "IND"]
[SourceTitle "playchess.com"]
[Source "ChessBase"]
[SourceQuality "1"]
[TimeControl "40/5400+30:1800+30"]

1. d4 {[%emt 0:00:00]} Nf6 {[%emt 0:00:00]} 2. c4 {[%emt 0:00:00]} e6 {[%emt 0:00:00]} 3. Nf3 {[%emt 0:00:19]} Bb4+ {[%emt 0:01:49]} 4. Bd2 {[%emt 0:00:30]} Qe7 {[%emt 0:01:04]} 5. g3 {[%emt 0:01:35]} Nc6 {[%emt 0:06:02]} 6. Nc3 {[%emt 0:02:04]} Bxc3 {[%emt 0:14:35]} 7. Bxc3 {[%emt 0:00:25]} Ne4 {[%emt 0:08:11]} 8. Rc1 {[%emt 0:01:43]} d5 {[%emt 0:03:50]} 9. Bg2 {[%emt 0:01:51]} O-O {[%emt 0:03:59]} 10. O-O {[%emt 0:01:26]} Rd8 {[%emt 0:03:23]} 11. c5 {[%emt 0:05:17]} a5 {[%emt 0:02:43]} 12. Qd3 {[%emt 0:04:01]} Bd7 {[%emt 0:03:18]} 13. Rfe1 {[%emt 0:02:17]} Qf6 {[%emt 0:03:04]} 14. Qe3 {[%emt 0:05:24]} Be8 {[%emt 0:10:17]} 15. Ne5 {[%emt 0:06:55]} Nxc3 {[%emt 0:06:15]} 16. Rxc3 {[%emt 0:02:40]} Nxe5 {[%emt 0:02:05]} 17. Qxe5 {[%emt 0:00:57]} Qxe5 {[%emt 0:00:32]} 18. dxe5 {[%emt 0:00:02]} a4 {[%emt 0:01:28]} 19. e3 {[%emt 0:02:51]} Ra5 {[%emt 0:02:35]} 20. f4 {[%emt 0:02:42]} Kf8 {[%emt 0:04:07]} 21. Rd1 {[%emt 0:01:30]} Ke7 {[%emt 0:00:58]} 22. e4 {[%emt 0:04:44]} d4 {[%emt 0:03:38]} 23. Rc4 {[%emt 0:01:01]} d3 {[%emt 0:07:24]} 24. Rd2 {[%emt 0:02:19]} Bb5 {[%emt 0:02:37]} 25. Rc3 {[%emt 0:05:11]} Kd7 {[%emt 0:02:15]} 26. Kf2 {[%emt 0:02:54]} Kc6 {[%emt 0:00:35]} 27. Bf1 {[%emt 0:02:11]} Ba6 {[%emt 0:01:08]} 28. Bxd3 {[%emt 0:00:41]} Bxd3 {[%emt 0:00:30]} 29. Rdxd3 {[%emt 0:00:22]} Rxd3 {[%emt 0:00:24]} 30. Rxd3 {[%emt 0:00:01]} Rxc5 {[%emt 0:00:23]} 31. Rd2 {[%emt 0:01:11]} a3 {[%emt 0:03:42]} 32. b3 {[%emt 0:01:21]} Rc1 {[%emt 0:00:53]} 33. Ke3 {[%emt 0:00:14]} Rb1 {[%emt 0:01:25]} 34. Rc2+ {[%emt 0:02:11]} Kb6 {[%emt 0:00:49]} 35. Kd3 {[%emt 0:00:12]} Rd1+ {[%emt 0:00:40]} 36. Ke2 {[%emt 0:04:57]} Rb1 {[%emt 0:00:34]} 37. Kd3 {[%emt 0:00:02]} c5 {[%emt 0:00:37]} 38. Kc3 {[%emt 0:00:58]} Kc6 {[%emt 0:00:31]} 39. Rd2 {[%emt 0:00:23]} Rc1+ {[%emt 0:00:07]} 40. Rc2 {[%emt 0:00:56]} Rb1 {[%emt 0:00:53]} 41. Rd2 {[%emt 0:30:07]} Ra1 {[%emt 0:09:19]} 42. b4 {[%emt 0:00:00]} Rc1+ {[%emt 0:00:53]} 43. Kb3 {[%emt 0:00:00]} Rb1+ {[%emt 0:00:48]} 44. Kxa3 {[%emt 0:00:00]} Rxb4 {[%emt 0:01:52]} 45. Re2 {[%emt 0:00:00]} Rb1 {[%emt 0:00:34]} 46. f5 {[%emt 0:00:00]} c4 {[%emt 0:02:10]} 47. fxe6 {[%emt 0:00:00]} fxe6 {[%emt 0:00:28]} 48. Rd2 {[%emt 0:00:00]} Kc5 {[%emt 0:01:33]} 49. Rd7 {[%emt 0:00:00]} b5 {[%emt 0:00:28]} 50. Rxg7 {[%emt 0:00:00]} c3 {[%emt 0:04:31]} 51. Rxh7 {[%emt 0:00:00]} Kb6 52. Re7 {[%emt 0:00:00]} c2 {[%emt 0:01:54]} 53. Rxe6+ {[%emt 0:00:00]} Ka5 {[%emt 0:00:20]} 54. Rc6 {[%emt 0:00:00]} b4# {[%emt 0:00:09]} 0-1

[Event "WJCC U20 Girls 2019"]
[Site "New Delhi"]
[Date "2019.10.15"]
[Round "1.35"]
[White "Cervantes Landeiro, Thalia"]
[Black "Figueroa Bernal, Julia Dennis"]
[Result "1-0"]
[WhiteElo "2176"]
[BlackElo "1777"]
[Annotator "NA"]
[PlyCount "49"]
[EventDate "2019.10.15"]
[EventType "swiss"]
[EventCountry "IND"]
[SourceTitle "playchess.com"]
[Source "ChessBase"]
[SourceQuality "1"]
[TimeControl "40/5400+30:1800+30"]

1. d4 {[%emt 0:00:00]} e6 {[%emt 0:00:00]} 2. c4 {[%emt 0:00:00]} Nf6 {[%emt 0:00:00]} 3. Nf3 {[%emt 0:01:47]} Bb4+ {[%emt 0:00:32]} 4. Nbd2 {[%emt 0:00:13]} b6 {[%emt 0:01:01]} 5. a3 {[%emt 0:00:22]} Bxd2+ {[%emt 0:00:21]} 6. Qxd2 {[%emt 0:00:12]} Ne4 {[%emt 0:02:51]} 7. Qc2 {[%emt 0:00:43]} Bb7 {[%emt 0:00:31]} 8. e3 {[%emt 0:01:09]} d6 {[%emt 0:02:49]} 9. Be2 {[%emt 0:08:51]} Nd7 {[%emt 0:03:42]} 10. O-O {[%emt 0:08:21]} O-O {[%emt 0:04:58]} 11. b4 {[%emt 0:02:02]} f5 {[%emt 0:01:40]} 12. d5 {[%emt 0:01:30]} e5 {[%emt 0:09:37]} 13. Nd2 {[%emt 0:00:52]} Nxd2 {[%emt 0:07:39]} 14. Bxd2 {[%emt 0:00:14]} e4 {[%emt 0:04:11]} 15. f3 {[%emt 0:04:50]} Nf6 {[%emt 0:11:17]} 16. Bc3 {[%emt 0:11:22]} exf3 {[%emt 0:09:30]} 17. Rxf3 {[%emt 0:04:49]} Qe7 {[%emt 0:05:43]} 18. Raf1 {[%emt 0:05:33]} Ng4 {[%emt 0:05:04]} 19. e4 {[%emt 0:13:35]} Rae8 {[%emt 0:03:27]} 20. h3 {[%emt 0:03:33]} Nf6 {[%emt 0:02:00]} 21. e5 {[%emt 0:02:35]} Ne4 {[%emt 0:03:26]} 22. e6 {[%emt 0:11:35]} Nxc3 {[%emt 0:01:42]} 23. Qxc3 {[%emt 0:00:11]} g6 {[%emt 0:00:06]} 24. g4 {[%emt 0:03:15]} fxg4 {[%emt 0:02:43]} 25. Rf7 1-0

[Event "WJCC U20 Girls 2019"]
[Site "New Delhi"]
[Date "2019.10.15"]
[Round "1.36"]
[White "Potluri Supreetha"]
[Black "Chitlange Sakshi"]
[Result "1-0"]
[WhiteElo "1767"]
[BlackElo "2175"]
[Annotator "NA"]
[PlyCount "85"]
[EventDate "2019.10.15"]
[EventType "swiss"]
[EventCountry "IND"]
[SourceTitle "playchess.com"]
[Source "ChessBase"]
[SourceQuality "1"]
[TimeControl "40/5400+30:1800+30"]

1. d4 {[%emt 0:00:00]} d5 {[%emt 0:00:00]} 2. Nf3 {[%emt 0:00:00]} Nf6 {[%emt 0:00:18]} 3. c4 {[%emt 0:00:00]} e6 {[%emt 0:00:41]} 4. g3 {[%emt 0:00:17]} Be7 {[%emt 0:01:33]} 5. Bg2 {[%emt 0:00:24]} O-O {[%emt 0:00:26]} 6. O-O {[%emt 0:00:23]} c6 {[%emt 0:00:49]} 7. Qc2 {[%emt 0:00:14]} b6 {[%emt 0:00:10]} 8. Nbd2 {[%emt 0:00:33]} Bb7 {[%emt 0:00:44]} 9. Rd1 {[%emt 0:13:34]} Na6 {[%emt 0:04:20]} 10. e4 {[%emt 0:27:43]} Rc8 {[%emt 0:05:01]} 11. e5 {[%emt 0:13:40]} Nd7 {[%emt 0:00:58]} 12. a3 {[%emt 0:03:29]} c5 {[%emt 0:02:00]} 13. dxc5 {[%emt 0:05:31]} Naxc5 {[%emt 0:03:24]} 14. b4 {[%emt 0:08:44]} Na6 {[%emt 0:08:58]} 15. Qd3 {[%emt 0:02:22]} Qc7 {[%emt 0:08:46]} 16. cxd5 {[%emt 0:08:06]} Nxe5 {[%emt 0:01:35]} 17. Nxe5 {[%emt 0:02:09]} Qxe5 {[%emt 0:00:02]} 18. Rb1 {[%emt 0:01:53]} exd5 {[%emt 0:03:09]} 19. Bb2 {[%emt 0:01:37]} Qd6 {[%emt 0:04:12]} 20. Nb3 {[%emt 0:02:56]} Nc7 {[%emt 0:05:19]} 21. Nd4 {[%emt 0:03:25]} g6 {[%emt 0:06:38]} 22. Qc3 {[%emt 0:03:16]} f6 {[%emt 0:08:31]} 23. Bh3 {[%emt 0:00:20]} Rce8 {[%emt 0:02:48]} 24. Rbc1 {[%emt 0:00:29]} Bd8 {[%emt 0:00:19]} 25. b5 {[%emt 0:00:26]} Rf7 {[%emt 0:05:48]} 26. a4 {[%emt 0:00:17]} Qf8 {[%emt 0:01:20]} 27. Ba3 {[%emt 0:00:48]} Be7 {[%emt 0:03:53]} 28. Bxe7 {[%emt 0:00:36]} Rfxe7 {[%emt 0:00:22]} 29. Nc6 {[%emt 0:00:41]} Bxc6 {[%emt 0:01:31]} 30. bxc6 {[%emt 0:00:28]} f5 {[%emt 0:03:04]} 31. a5 {[%emt 0:00:31]} b5 {[%emt 0:04:29]} 32. Bg2 {[%emt 0:00:33]} Rd8 {[%emt 0:05:10]} 33. Qc5 {[%emt 0:00:31]} Qe8 {[%emt 0:06:09]} 34. Qxa7 {[%emt 0:00:32]} d4 {[%emt 0:03:07]} 35. Qc5 {[%emt 0:00:27]} Re5 {[%emt 0:00:19]} 36. Qb4 {[%emt 0:00:28]} Ne6 {[%emt 0:01:23]} 37. c7 {[%emt 0:00:26]} Rc8 {[%emt 0:00:26]} 38. Qd6 {[%emt 0:00:17]} Re2 {[%emt 0:00:41]} 39. Re1 {[%emt 0:00:49]} Rxe1+ {[%emt 0:00:34]} 40. Rxe1 {[%emt 0:00:05]} Rxc7 {[%emt 0:00:31]} 41. Rxe6 {[%emt 0:30:15]} Qc8 {[%emt 0:01:21]} 42. Bc6 {[%emt 0:00:00]} Kf7 {[%emt 0:01:09]} 43. Re8 {[%emt 0:00:00]} 1-0

[Event "WJCC U20 Girls 2019"]
[Site "New Delhi"]
[Date "2019.10.15"]
[Round "1.38"]
[White "Shivika Rohilla"]
[Black "Sapale Saloni"]
[Result "0-1"]
[WhiteElo "1721"]
[BlackElo "2142"]
[Annotator "NA"]
[PlyCount "48"]
[EventDate "2019.10.15"]
[EventType "swiss"]
[EventCountry "IND"]
[SourceTitle "playchess.com"]
[Source "ChessBase"]
[SourceQuality "1"]
[TimeControl "40/5400+30:1800+30"]

1. e4 {[%emt 0:00:00]} e6 {[%emt 0:00:00]} 2. d4 {[%emt 0:00:00]} d5 {[%emt 0:00:00]} 3. Nd2 {[%emt 0:00:00]} Nf6 {[%emt 0:00:13]} 4. e5 {[%emt 0:00:29]} Nfd7 {[%emt 0:00:09]} 5. Bd3 {[%emt 0:01:41]} c5 {[%emt 0:00:11]} 6. c3 {[%emt 0:00:20]} Nc6 {[%emt 0:00:12]} 7. Ngf3 {[%emt 0:00:41]} cxd4 {[%emt 0:03:41]} 8. cxd4 {[%emt 0:00:16]} f6 {[%emt 0:00:10]} 9. Ng5 {[%emt 0:06:04]} fxg5 {[%emt 0:26:20]} 10. Qh5+ {[%emt 0:00:45]} g6 {[%emt 0:00:31]} 11. Bxg6+ {[%emt 0:00:19]} hxg6 {[%emt 0:00:08]} 12. Qxg6+ {[%emt 0:00:44]} Ke7 {[%emt 0:00:26]} 13. Nf3 {[%emt 0:00:56]} Ndxe5 {[%emt 0:15:54]} 14. dxe5 {[%emt 0:06:50]} Kd7 {[%emt 0:04:26]} 15. Nxg5 {[%emt 0:09:57]} Bb4+ {[%emt 0:03:55]} 16. Kf1 {[%emt 0:01:17]} Qe7 {[%emt 0:00:41]} 17. Nf3 {[%emt 0:13:47]} b6 {[%emt 0:04:17]} 18. a3 {[%emt 0:02:50]} Ba6+ {[%emt 0:01:35]} 19. Kg1 {[%emt 0:02:21]} Rag8 {[%emt 0:03:41]} 20. Qc2 {[%emt 0:04:19]} Nd4 {[%emt 0:11:16]} 21. Nxd4 {[%emt 0:05:02]} Rxg2+ {[%emt 0:00:56]} 22. Kxg2 {[%emt 0:00:16]} Qg7+ {[%emt 0:00:08]} 23. Kf3 {[%emt 0:01:41]} Rh3+ {[%emt 0:00:07]} 24. Kf4 {[%emt 0:03:21]} Qh6+ {[%emt 0:00:08]} 0-1

[Event "WJCC U20 Girls 2019"]
[Site "New Delhi"]
[Date "2019.10.15"]
[Round "1.39"]
[White "Nilssen, Ellen Fredericia"]
[Black "Rathi Dhanashree"]
[Result "1-0"]
[WhiteElo "2137"]
[BlackElo "1692"]
[Annotator "NA"]
[PlyCount "65"]
[EventDate "2019.10.15"]
[EventType "swiss"]
[EventCountry "IND"]
[SourceTitle "playchess.com"]
[Source "ChessBase"]
[SourceQuality "1"]
[TimeControl "40/5400+30:1800+30"]

1. d4 {[%emt 0:00:00]} d5 {[%emt 0:00:00]} 2. c4 {[%emt 0:00:00]} e6 {[%emt 0:00:21]} 3. Nf3 {[%emt 0:00:00]} Nf6 {[%emt 0:00:18]} 4. Nc3 {[%emt 0:00:24]} Be7 {[%emt 0:00:15]} 5. Bg5 {[%emt 0:00:10]} O-O {[%emt 0:00:24]} 6. e3 {[%emt 0:00:13]} c6 {[%emt 0:00:29]} 7. Qc2 {[%emt 0:00:38]} Nbd7 {[%emt 0:01:10]} 8. cxd5 {[%emt 0:00:23]} exd5 {[%emt 0:00:11]} 9. Bd3 {[%emt 0:00:12]} Re8 {[%emt 0:00:36]} 10. h3 {[%emt 0:01:22]} Nf8 {[%emt 0:00:32]} 11. O-O {[%emt 0:02:12]} g6 {[%emt 0:01:31]} 12. Bxf6 {[%emt 0:12:34]} Bxf6 {[%emt 0:00:19]} 13. b4 {[%emt 0:00:06]} Qd6 {[%emt 0:06:29]} 14. b5 {[%emt 0:03:54]} Bd7 {[%emt 0:06:16]} 15. bxc6 {[%emt 0:06:16]} bxc6 {[%emt 0:05:07]} 16. Na4 {[%emt 0:03:00]} Ne6 {[%emt 0:00:38]} 17. Rac1 {[%emt 0:03:00]} Qa3 {[%emt 0:13:47]} 18. Nd2 {[%emt 0:00:00]} Rab8 {[%emt 0:10:00]} 19. Nb1 {[%emt 0:18:48]} Qd6 {[%emt 0:08:26]} 20. Nbc3 {[%emt 0:03:32]} Rec8 {[%emt 0:06:29]} 21. Ne2 {[%emt 0:03:08]} Qa3 {[%emt 0:04:19]} 22. Rb1 {[%emt 0:06:33]} c5 {[%emt 0:06:26]} 23. Nxc5 {[%emt 0:04:19]} Nxc5 {[%emt 0:01:16]} 24. dxc5 {[%emt 0:01:45]} Rb2 {[%emt 0:05:07]} 25. Rxb2 {[%emt 0:00:40]} Bxb2 {[%emt 0:00:14]} 26. Rb1 {[%emt 0:00:39]} Rxc5 {[%emt 0:00:29]} 27. Qxb2 {[%emt 0:03:00]} Qxd3 {[%emt 0:00:33]} 28. Nf4 {[%emt 0:01:32]} Qe4 {[%emt 0:05:32]} 29. Rd1 {[%emt 0:06:49]} Rb5 {[%emt 0:05:11]} 30. Qf6 {[%emt 0:03:49]} Be6 {[%emt 0:04:10]} 31. Kh2 {[%emt 0:00:40]} Qb4 {[%emt 0:07:58]} 32. Rc1 {[%emt 0:02:08]} Qd6 {[%emt 0:00:46]} 33. Rc8+ {[%emt 0:00:14]} 1-0

[Event "WJCC U20 Girls 2019"]
[Site "New Delhi"]
[Date "2019.10.15"]
[Round "1.40"]
[White "Lohani, Sujana"]
[Black "Harshita Guddanti"]
[Result "0-1"]
[WhiteElo "1671"]
[BlackElo "2123"]
[Annotator "NA"]
[PlyCount "26"]
[EventDate "2019.10.15"]
[EventType "swiss"]
[EventCountry "IND"]
[SourceTitle "playchess.com"]
[Source "ChessBase"]
[SourceQuality "1"]
[TimeControl "40/5400+30:1800+30"]

1. d4 {[%emt 0:00:00]} Nf6 {[%emt 0:00:04]} 2. Nf3 {[%emt 0:00:00]} e6 {[%emt 0:00:27]} 3. c4 {[%emt 0:00:10]} d5 {[%emt 0:00:25]} 4. g3 {[%emt 0:00:37]} dxc4 {[%emt 0:00:37]} 5. Bg2 {[%emt 0:00:26]} Bb4+ {[%emt 0:00:43]} 6. Bd2 {[%emt 0:01:14]} c5 {[%emt 0:00:29]} 7. Bxb4 {[%emt 0:08:02]} cxb4 {[%emt 0:00:15]} 8. Qc2 {[%emt 0:02:06]} b5 {[%emt 0:09:59]} 9. O-O {[%emt 0:17:42]} Bb7 {[%emt 0:02:12]} 10. Nbd2 {[%emt 0:01:55]} Nc6 {[%emt 0:08:16]} 11. e3 {[%emt 0:04:05]} Rc8 {[%emt 0:05:12]} 12. Rac1 {[%emt 0:11:41]} Qb6 {[%emt 0:04:20]} 13. Ng5 {[%emt 0:04:48]} Na5 {[%emt 0:02:49]} 0-1

[Event "WJCC U20 Girls 2019"]
[Site "New Delhi"]
[Date "2019.10.15"]
[Round "1.41"]
[White "Avetisyan, Mariam"]
[Black "Arushi Kotwal"]
[Result "1-0"]
[WhiteElo "2110"]
[BlackElo "1657"]
[Annotator "NA"]
[PlyCount "32"]
[EventDate "2019.10.15"]
[EventType "swiss"]
[EventCountry "IND"]
[SourceTitle "playchess.com"]
[Source "ChessBase"]
[SourceQuality "1"]
[TimeControl "40/5400+30:1800+30"]

1. d4 {[%emt 0:00:00]} Nf6 {[%emt 0:00:00]} 2. c4 {[%emt 0:00:00]} g6 {[%emt 0:00:00]} 3. Nc3 {[%emt 0:00:00]} d5 {[%emt 0:00:00]} 4. cxd5 {[%emt 0:00:00]} Nxd5 {[%emt 0:00:00]} 5. Bd2 {[%emt 0:00:00]} Bg7 {[%emt 0:00:04]} 6. e4 {[%emt 0:00:00]} Nxc3 {[%emt 0:00:13]} 7. Bxc3 {[%emt 0:00:04]} O-O {[%emt 0:00:15]} 8. Be2 {[%emt 0:01:49]} Nc6 {[%emt 0:02:49]} 9. d5 {[%emt 0:01:56]} Bxc3+ {[%emt 0:01:04]} 10. bxc3 {[%emt 0:00:05]} Na5 {[%emt 0:00:16]} 11. Qd2 {[%emt 0:13:22]} c6 {[%emt 0:08:22]} 12. c4 {[%emt 0:05:19]} cxd5 {[%emt 0:00:48]} 13. cxd5 {[%emt 0:00:55]} b6 {[%emt 0:02:42]} 14. h4 {[%emt 0:06:10]} Qd6 {[%emt 0:06:16]} 15. h5 {[%emt 0:07:51]} Qe5 {[%emt 0:23:17]} 16. Rb1 {[%emt 0:04:24]} Qa1 {[%emt 0:11:58]} 1-0

[Event "WJCC U20 Girls 2019"]
[Site "New Delhi"]
[Date "2019.10.15"]
[Round "1.42"]
[White "Rousseau, Christilla"]
[Black "Blazeka, Mihaela"]
[Result "0-1"]
[WhiteElo "1648"]
[BlackElo "2109"]
[Annotator "NA"]
[PlyCount "29"]
[EventDate "2019.10.15"]
[EventType "swiss"]
[EventCountry "IND"]
[SourceTitle "playchess.com"]
[Source "ChessBase"]
[SourceQuality "1"]
[TimeControl "40/5400+30:1800+30"]

1. d4 {[%emt 0:00:00]} Nf6 {[%emt 0:00:00]} 2. Bf4 {[%emt 0:00:00]} e6 {[%emt 0:00:12]} 3. e3 {[%emt 0:00:20]} b6 {[%emt 0:00:38]} 4. Nf3 {[%emt 0:00:58]} Bb7 {[%emt 0:00:12]} 5. h3 {[%emt 0:03:35]} g6 {[%emt 0:02:03]} 6. Be2 {[%emt 0:01:25]} Bg7 {[%emt 0:00:09]} 7. O-O {[%emt 0:01:16]} d6 {[%emt 0:01:02]} 8. c4 {[%emt 0:02:29]} Nbd7 {[%emt 0:00:11]} 9. Nc3 {[%emt 0:02:23]} O-O {[%emt 0:04:05]} 10. Rc1 {[%emt 0:03:52]} Nh5 {[%emt 0:06:12]} 11. Bh2 {[%emt 0:03:15]} f5 {[%emt 0:00:30]} 12. b4 {[%emt 0:14:58]} Qe7 {[%emt 0:05:16]} 13. Nb5 {[%emt 0:09:24]} Ndf6 {[%emt 0:28:47]} 14. Bxd6 {[%emt 0:06:12]} cxd6 {[%emt 0:00:30]} 15. c5 {[%emt 0:12:01]} 0-1